000 01503nam a2200457 i 4500
001 9788
003 KOSZ 005
005 20200414150107.0
008 000329s1978 pl a f |001 0 pol
015 _aPB 1979/1326
035 _a(PL-WaBN)b1368534x-48omnis_nlop
035 _ab1368534x
035 _a(OCoLC)823715802
035 _a(PL)b000001368534x
040 _aWA N
_cWA N
_dKOSZ 005/HR
041 0 _apol
046 _k1978
080 _a681.5
080 _a621.51/.54
100 1 _aLammel, Leszek.
_eAutor
245 1 0 _aPneumatyczne przetworniki automatyki /
_cLeszek Lammel, Andrzej Osiadacz.
260 _aWarszawa :
_bWydawnictwa Naukowo-Techniczne,
_c1978.
300 _a274, [1] s. :
_bil., 4 tab., wykr. ;
_c24 cm.
336 _2rdacontent
_aTekst
_btxt
337 _2rdamedia
_aBez urządzenia pośredniczącego
_bn
338 _2rdacarrier
_aWolumin
_bnc
380 _aKsiążki
380 _aPublikacje fachowe
388 _a1901-2000
504 _aBibliogr. s. s.268-270. - Indeks.
658 _aInżynieria i technika
650 7 _aAutomatyka
_2DBN
650 7 _aUrządzenia
650 7 _aMaszyny i narzędzia pneumatyczne
_2DBN
650 7 _aPrzetworniki
_2DBN
700 1 _aOsiadacz, Andrzej J.
_eAutor
710 2 _aWydawnictwa Naukowo-Techniczne
_4pbl
856 _uhttp://koha.tu.koszalin.pl/cgi-bin/koha/opac-detail.pl?biblionumber=9788
_yKatalog online BPK
942 _2UKD
_cKS
999 _c9788
_d9788